Find the Country by its Flag #1 - Statistics

General Stats
  • This quiz has been taken 132 times
  • The average score is 18 of 20
Answers on the Map
Answers color-coded by a green-red scale on the quiz's map according to % correct below.
 
Answer Stats
Answer % Correct
97%
96%
96%
96%
95%
95%
94%
93%
92%
91%
91%
91%
90%
89%
88%
86%
80%
78%
75%
61%
No matching quizzes found
Score Distribution
Percent of People with Each Score
Percentile by Number Answered
Your Score History
You have not taken this quiz